00690nam a2200181 i 4500001000700000003000900007005001700016008004100033245010200074260004500176300002200221490006600243650003800309700003700347710003400384830006600418852002400484187521ES-MaACL20230906222941.0171024s1907 fr |||| | fre d02aL'enseignement de l'histoire / cpar Ch. Seignobos, Ch.-V. Langlois, L. Gallouédec... [et al.]. aParis : bMusée Pédagogique, c1907. a185 p. ; c20 cm.1 aPublications du Musée Pédagogique ; vNouvelle série 12 4aHistoria-xEnseñanza-zFrancia.1 aSeignobos, Charles (d1854-1942)2 aMusée Pédagogique (Paris)0 aPublications du Musée Pédagogique ; vNouvelle série 12 aES-MaACLjF-5980(1)